Estadísticas para Ingredientes de un Pastel/Bizcocho Básico

Haz click aquí para intentar la prueba.

Estadísticas generales

  • Esta prueba ha sido intentada 1.802 veces
  • La puntuación promedio es 6 de 8

Estadísticas de respuestas

Ingrediente% Correcto
Harina
96%
Azúcar
94%
Huevos
94%
Leche
80%
Levadura
74%
Sal
65%
Mantequilla
59%
Vainilla
42%

Distribución de puntuación

Porcentaje por número respondido

Porcentaje de gente con cada puntuación

Historial de tus puntuaciones

No has intentado esta prueba.